000 00897nam a22002297a 4500
999 _c22121
_d22121
003 AR-CdUCM
008 190425b ||||| |||| 00| 0 spa d
040 _aMUNICIPALIDAD PROVINCIAL DEL CUSCO
_cBIBLIOTECA MUNICIPAL DEL CUSCO
082 _aSalesiano/N°1/1955
110 _aColegio Salesiano Cusco
_947483
245 _aRevista Colegio Salesiano :
_bConmemorativa del cincuentenario 1905-1955 /
_cColegio Salesianos Cusco
260 _aCusco.
_bH.G. Rozas,
_c1955.
300 _a252 páginas. :
_bilustraciones ;
_c25 cm.
440 _aRevista Colegio Salesiano.
_nCincuentenario,1905-1955
_947484
505 _aContenido: Revista conmemorativa a los 50 años del colegio Salesianos de Cusco.
650 _aHistoria del Cusco
_91714
650 _aColegios del Cusco
_924467
650 _aHistoria institucional
_947480
650 _aSalesianos Cusco
_947485
942 _2ddc
_cPP
945 _arac